000
00307nam a2200121Ia 4500
008
220217s9999||||xx |||||||||||||| ||und||
082
_a
410 CSR
100
_a
CSR
245
0
_a
SSC tax assistants examinations
260
_a
CSR Publication
_b
New Delhi
_c
2008
300
_b
195
650
_a
GENERAL BOOKS
999
_c
175695
_d
175695